MARC

LEADER 00000nam0a2200000 4500
001 260586
005 20231101233506.0
035 |a (RuTPU)RU\TPU\book\283539 
090 |a 260586 
100 |a 20140516d1987 k y0rusy50 ca 
101 0 |a rus 
102 |a UA 
105 |a a z 001zy 
200 1 |a Повышение технического уровня взрывозащищенного электрооборудования  |e сборник научных трудов  |f Всесоюзный научно-исследовательский, проектно-конструкторский и технологический институт взрывозащищенного и рудничного электрооборудования (ВНИИВЭ) ; под ред. Ю. А. Дикого 
210 |a Донецк  |c [Б. и.]  |d 1987 
215 |a 166 с.  |c ил. 
320 |a Библиография в конце статей 
606 1 |a Электрооборудование взрывобезопасное  |2 stltpush  |3 (RuTPU)RU\TPU\subj\20611  |9 45705 
610 1 |a взрывозащищенное электрооборудование 
610 1 |a рудничное электрооборудование 
610 1 |a тиристорные электроприводы 
610 1 |a микропроцессорное управление 
610 1 |a частотно-регулируемые электроприводы 
610 1 |a шахтные подъемные машины 
610 1 |a подземные подъемные машины 
610 1 |a динамическое торможение 
610 1 |a реактивная мощность 
610 1 |a компенсаторы 
610 1 |a искробезопасные цепи 
610 1 |a силовые цепи 
610 1 |a нагрев 
675 |a 621.31-2  |v 3 
702 1 |a Дикий  |b Ю. А.  |4 340 
712 0 2 |a Всесоюзный научно-исследовательский, проектно-конструкторский и технологический институт взрывозащищенного и рудничного электрооборудования (ВНИИВЭ)  |2 stltpush  |3 (RuTPU)RU\TPU\col\8122 
801 1 |a RU  |b 63413507  |c 20140516 
801 2 |a RU  |b 63413507  |c 20150320  |g RCR 
942 |c BK